1251 1384 1527 1696 1954 1150 1889 1194 1098 1650 1955 1079 1735 1280 1413 1417 1502 1792 1041 1569 1992 1602 1286 1734 1766 1650 1328 1895 1753 1575 1952 1830 1794 1482 1110 1831 1770 1981 1230 1440 1098 1716 1819 1489 1786 1739 1057 1189 1190 1687 1722 1402 1952 1547 1097 1177 1076 1622 1504 1468 1176 1025 1775 1084 1888 1265 1290 1101 1049 1423 1635 1342 1494 1606 1075 1287 1279 1485 1528 1018 1341 1024 1952 1873 1774 1147 1897 1118 1453 1389 1798 1780 1989 1131 1835 1933 1434 1808 1083 BCNSPRNW ULIB Ver.6.0+V

เปลี่ยนเป็นภาษาไทย

Change to English
 แสดงรายละเอียดบรรณานุกรม
  กลับหน้าหลัก

Brief Record : Get Marc (ISO 2709) : E-mail record : QR code < ปิดหน้าต่าง
LEADER : 00000nam 2200000uu 4500
001    13399113352
003     ULIB
008    111108s2553||||th 000 0 tha d
020    9789749608418
060 04 QY400^bป111ค
100 0  ประสาร เปรมะสกุล,^cพลเอก
245 10 คู่มือแปลผลตรวจเลือด:ไวรัสลงตับ /^cพลเอก ประสาร เปรมะสกุล
250    พิมพ์ครั้งที่ 1
260    กรุงเทพฯ :^bอรุณการพิมพ์,^c2553
300    454 หน้า :^bภาพประกอบ ;^c23 ซม.
650  7 ไวรัสตับอักเสบ
650  7 ตับ^xโรค
650  7 เลือด^xการตรวจ
945    ^p350^l0^i16984
945    ^p350^l0^i16985
945    ^p350^l0^i19211
945    ^p350^l0^i19212
995    กัณชพร
999    ^aใช้งานได้ทุกระบบ
รายการนี้ยังไม่มีแท็ก
คุณยังไม่ได้ล็อกอิน คุณสามารถมีกิจกรรมร่วมกับเว็บไซต์ได้ แต่ต้องล็อกอินก่อน ::
  ล็อกอิน

รายการสื่อสารสนเทศ

ลำดับที่ ประเภท เลขเรียก/บาร์โค้ด สถานที่ สถานะ
- ไม่พบข้อมูล -

รายการใกล้เคียง
    หัวเรื่อง [ไวรัสตับอักเสบ]

BibComment


ยังไม่เคยถูกคอมเมนท์

คอมเมนท์ทรัพยากรรายการนี้
  คอมเมนท์: คู่มือแปลผลตรวจเล..


 Copyright 2026. Bcnsprnw @Library